Statistics for Countries Closest to Vienna - 30 Second Sprint

Click here to take the quiz!

General Stats

  • This quiz has been taken 38 times
  • The average score is 11 of 20

Answer Stats

kmcountrymiles% Correct
194Germany120
100%
275Italy171
91%
464Switzerland288
91%
38Slovakia24
88%
52Hungary33
78%
149Slovenia92
78%
58Czechia36
75%
519Liechtenstein323
75%
184Croatia114
69%
212Poland132
69%
318Serbia197
66%
329Bosnia and
Herzegovina
204
44%
605France376
41%
375Romania233
31%
556San Marino345
28%
647Kosovo402
16%
427Ukraine266
16%
657Bulgaria408
13%
556Montenegro345
13%
636Belarus295
3%

Score Distribution

Percentile by Number Answered

Percent of People with Each Score

Your Score History

You have not taken this quiz